Die Verborgene Kultur der Frau : Ethnopsychoanalytische Gespräche mit Bäuerinnen in Mexiko /

Spremljeno u:
Bibliografski detalji
Glavni autor: Nadig, Maya (autor)
Format: Knjiga
Jezik:German
Serija:(Geist und Psyche)
Teme:
Oznake: Dodaj oznaku
Bez oznaka, Budi prvi tko označuje ovaj zapis!

MARC

LEADER 00000nam^a2200000^a^4500
001 000070386
005 20250521000000.0
009 20260310091440.63
020 |a 3-596-42272-8 
037 |a Acervo ITESO - Biblioteca 
041 |a ALE 
082 |a 616. 8917  |b NAD 
100 |a Nadig, Maya  |e (autor) 
240 1 4 |a [La cultura oculta de la mujer: conversaciones etnopsicoanalíticas con mujeres campesinas otomíes] 
245 1 4 |a Die Verborgene Kultur der Frau :  |b Ethnopsychoanalytische Gespräche mit Bäuerinnen in Mexiko /  |c M. Nadig. 
264 |a Frankfurt, Alemania :  |b Fischer,  |c 1986 
300 |a 428 p. 
336 |a texto  |b txt  |2 rdacontenido 
337 |a sin mediación  |b n  |2 rdamedio 
338 |a volumen  |b nc  |2 rdasoporte 
440 1 |a (Geist und Psyche) 
649 |a XX 
650 |a Psicoanálisis -  |x Teoría 
910 |a Fondo Armando Suárez Gómez 
920 |a Impresos - Libros 
930 |a Fondos Especiales 
905 |a 111 
901 |a 0700006194  |b IT2  |c ESP  |u 20250521 
902 |a https://opac.biblio.iteso.mx/vufind/Record/000070386